Strategic financial management : (Record no. 101736)

MARC details
000 -LEADER
fixed length control field 00622nam a22001937a 4500
005 - DATE AND TIME OF LATEST TRANSACTION
control field 20160803102519.0
010 ## - LCCN (DPL NO)
LC control number ENG-115618
020 ## - INTERNATIONAL STANDARD BOOK NUMBER
International Standard Book Number 9789351437963
Terms of availability 975.00
035 ## - SYSTEM CONTROL NUMBER
System control number EN-99150
037 ## - SOURCE OF ACQUISITION
Source of stock number/acquisition DBAD/PUB
082 ## - DEWEY DECIMAL CLASSIFICATION NUMBER
Classification number 658.15
100 ## - MAIN ENTRY--PERSONAL NAME
Personal name Makkar,Rajesh
245 ## - TITLE STATEMENT
Title Strategic financial management :
Statement of responsibility, etc by Rajesh Makkar
Remainder of title theory, problems and solutions approach /
250 ## - EDITION STATEMENT
Edition statement 5th ed.
260 ## - PUBLICATION, DISTRIBUTION, ETC. (IMPRINT)
Place of publication, distribution, etc Gurgaon
Name of publisher, distributor, etc Lexis Nexis
Date of publication, distribution, etc 2016
270 ## - ADDRESS
Address 14th Floor, Building No.10, Tower-B, DLF Cyber City, Phase-II
City Gurgaon
Postal code 122002
300 ## - PHYSICAL DESCRIPTION
Extent xii,1057p.
Dimensions 28cm(pbk)
942 ## - ADDED ENTRY ELEMENTS (KOHA)
Source of classification or shelving scheme Dewey Decimal Classification
Item type English Books
Call number suffix MAK
Classification part 658.15
Holdings
Withdrawn status Lost status Not for loan Collection code Home library Current library Date acquired Source of acquisition Cost, normal purchase price Full call number Barcode Copy number Cost, replacement price Koha item type
    Not For Loan Non-fiction D.B.Act.Division Bawana 02/08/2016 DBAD/PUB 975.00 658.15 MAK EN-99150 1 975.00 English Books

© Delhi Public Library
Hit Counter
free hit counter